Statistics for Countries With The Heaviest People

Click here to take the quiz!

General Stats

  • This quiz has been taken 40 times
    (26 since last reset)
  • The average score is 31 of 50

Answer Stats

KGCountry% Correct
83.3United States
100%
79.9Canada
92%
80.0Germany
85%
81.6Kiribati
85%
80.3Netherlands
85%
93.2Samoa
85%
86.2Tuvalu
85%
79.6United Kingdom
85%
80.4Australia
77%
89.4Nauru
77%
79.8Palau
77%
80.3Poland
77%
78.8Bosnia and Herzegovina
69%
80.5Greece
69%
83.2Kuwait
69%
82.8New Zealand
69%
81.7Norway
69%
83.7Slovakia
69%
80.7Slovenia
69%
80.3Sweden
69%
95.9Tonga
69%
80.7United Arab Emirates
69%
84.1Croatia
62%
84.3Czech Republic
62%
80.0Hungary
62%
81.9Qatar
62%
82.0Serbia
62%
79.9Turkey
62%
79.6Belarus
54%
78.6Chile
54%
82.7Egypt
54%
83.9Estonia
54%
80.6Ireland
54%
83.3Latvia
54%
84.4Montenegro
54%
80.1Saudi Arabia
54%
79.5Ukraine
54%
80.1Argentina
46%
86.7Bahamas
46%
80.4Barbados
46%
84.5Dominica
46%
80.9Lebanon
46%
83.0Lithuania
46%
82.9Grenada
38%
82.4Iceland
38%
79.1Jamaica
38%
85.1Saint Kitts and Nevis
38%
89.1Saint Lucia
38%
83.6Antigua and Barbuda
31%
78.6Tunisia
23%

Score Distribution

Percentile by Number Answered

Percent of People with Each Score

Your Score History

You have not taken this quiz since the last reset